000 00292nam a2200109Ia 4500
008 171211s9999 xx 000 0 und d
245 _aHardboiled Web Design
245 _cAndy Clarke
260 _c2010
650 _xWeb Development
856 _uhttp://down.ebook777.com/013/9781907828003.pdf
999 _c350075
_d350075